Шекспировские чтения. 1978 (Запись № 11695530)

Подробности
000 -МАРКЕР
контрольное поле 00869nam2a2200205 4500
001 - ИДЕНТИФИКАТОР ЗАПИСИ
контрольное поле RU\NLR\BIBL_A\011439797
005 - ИДЕНТИФИКАТОР ВЕРСИИ
контрольное поле 20250626065356.0
035 ## - ДРУГИЕ СИСТЕМНЫЕ НОМЕРА
Идентификатор записи (NLR Aleph) 011439797
100 ## - ДАННЫЕ ОБЩЕЙ ОБРАБОТКИ
Данные общей обработки 20170717d1981 |||y0rusy50 ca
101 0# - ЯЗЫК РЕСУРСА
Язык текста, звукозаписи и т.д. русский
102 ## - СТРАНА ПУБЛИКАЦИИ ИЛИ ПРОИЗВОДСТВА
Страна публикации Российская Федерация
200 0# - ЗАГЛАВИЕ И СВЕДЕНИЯ ОБ ОТВЕТСТВЕННОСТИ
Основное заглавие 1978
210 ## - ПУБЛИКАЦИЯ, РАСПРОСТРАНЕНИЕ И ДР.
Дата издания, распространения и т.д. 1981
Место издания, распространения и т.д. Б. м.
461 #0 - УРОВЕНЬ НАБОРА
Встроенное поле 001RU\NLR\INFOCOMM18\5000177610
-- 2001#$aШекспировские чтения$fАН СССР. Науч. совет по истории мировой культуры. Шекспировская комис.$v1978
Системный номер (АБИС) связанной записи 1957846
Место публикации М.
Дата публикации 1977-
Первые сведения об ответственности АН СССР. Науч. совет по истории мировой культуры. Шекспировская комис.
Имя издателя, распространителя и т.д. "Наука"
Заглавие Шекспировские чтения
Номер тома 1978
852 ## - МЕСТОНАХОЖДЕНИЕ И ШИФР ХРАНЕНИЯ
Идентификатор организации NLR
Шифр хранения (Call Number) П34/739
942 ## - ДОПОЛНИТЕЛЬНЫЕ ЭЛЕМЕНТЫ ЗАПИСИ (АБИС)
Тип экземпляра АБИС Выпуск
980 ## - КОЛЛЕКЦИЯ
Название коллекции Национальная библиография
980 ## - КОЛЛЕКЦИЯ
Название коллекции Русская периодика

Нет доступных экземпляров.